Vista normal Vista MARC

Entrada Materia (corporativa)

Número de registros utilizados en: 1

001 - CONTROL NUMBER

  • control field: 65990

003 - CONTROL NUMBER IDENTIFIER

  • control field: Co-BoUCM

005 - DATE AND TIME OF LATEST TRANSACTION

  • control field: 20141119130212.0

008 - FIXED-LENGTH DATA ELEMENTS

  • fixed length control field: 141119|| aca||aabn | a|a d

040 ## - CATALOGING SOURCE

  • Original cataloging agency: Co-BoUCM
  • Transcribing agency: Co-BoUCM

110 ## - HEADING--CORPORATE NAME

  • Corporate name or jurisdiction name as entry element: Laura Ziskin Productions

670 ## - SOURCE DATA FOUND

  • Source citation: Work cat.: (Co-BoUCM)63887: Spider-Man, 2007